Регионална библиотека "Любен Каравелов" - Русе

Sachditialoge und Ubunger (Запис номер 450624)

MARC детайли
000 -Лидер
Контролно поле с фиксирана дължина 01584nam a2200397 c 4500
003 - Код на организацията, давaща контролен номер
Контролно поле BLK
005 - Дата и час на последна редакция
Контролно поле 20220324124429.0
008 - Елементи от данни с фиксирана дължина
fixed length control field 200311b bul|||||r ||||||| ||bul||
010 ## - Наследен системен номер
LC control number KNG00095558RET
040 ## - Източник на каталожния запис
Идентификатор на билиотеката - собственик на записа BLK
041 ## - Код за език
Код за езика на текст/звукозапис или на отделно заглавие Немски
Код за езика КДБФ Немски
080 ## - УДК
Текстов определител УДК Немски език (високонемски, стандартен писмен)
УДК код - определител по УДК 811.112.2
УДК - код + определител 811.112.2(075.8)
100 1# - Редна дума - Автор
Автор Essadow, Lazzet
Авторска отговорност първи автор
R(LIN) 483378
139 ## - Редно поле
Редна дума Essadow, Lazzet
245 10 - Сведения за заглавието
Заглавие Sachditialoge und Ubunger
Подзаглавни данни [Уч. помагало за студентите от ВИИ К. Маркс - София]
Редно поле (дума) Lazzet Essadow, Wioleta Mitrewa, Petko Mutaftschiew;
257 ## - Страна на издаване
Страна на създаване/издаване България
260 ## - Област на издателските данни
Място на издаване, разпространение и проч. София
Име на издателя, разпространителя и проч. ВИИ К. Маркс
Година на издаване 1981
300 ## - Физическа характеристика
Страници 186 с.
Размери/Мащаб 22 см
380 ## - Жанр
Жанр Езикознание. Филология
650 #0 - Допълнително описание по предмет – тема
9 (RLIN) 262617
Основно описание – тема или топоним Немски език
653 #7 - Ключова дума – ненормативна
Ключова дума езикознание
9 (RLIN) 185931
700 1# - Други автори (авторска отговорност)
Лично име Mitrewa, Wioleta
Автороска отговорност (Описва отношението между автора и произведението) съавт.
9 (RLIN) 18907
700 1# - Други автори (авторска отговорност)
Лично име Mutaftschiew, Petko
Автороска отговорност (Описва отношението между автора и произведението) съавт.
9 (RLIN) 468797
852 ## - Местоположение
Форматна сигнатура Цб 113443
Фондова буква Хранилище
999 ## - СИСТЕМНИ КОНТРОЛНИ НОМЕРА
Koha biblionumber 450624
Koha biblioitemnumber 450624
942 ## - АРТИКУЛИ
Вид на библиотечния материал Книги
Скрит в OPAC Не
Източник на класификационната схема Universal Decimal Classification
Периодичен библиозапис Да
944 ## - СЪЗДАВАНЕ И РЕДАКЦИЯ на ЗАПИСА
Създаване/Редакция Създаване
Дата на регистрацията/редакция 2022-03-24
Служител, извършил регистрацията/редакцията В. т.
Наличности
Код за отписване Код за изгубен артикул Източник на класификационната схема Код за повреда Коз за рестрикции Код за отдаване Артикулен № Име на библиотеката - собственик Име на библиотеката, в която се намира в момента Статус (Текущо местоположение) Дата на вписване в системата Местоположение - отдел Цена в лева Инвентарен номер Систематично азбучна сигнатура Баркод Цена в евро Служебен тип на артикула
  Не е изгубен Universal Decimal Classification Не е повреден само за читалня ползва се в читалня 878974 Регионална библиотека "Любен Каравелов" Русе Регионална библиотека "Любен Каравелов" Русе Хранилище 2022-03-25 Хранилище 0.86 347366 Цб 113443 120000347366 0.44 Книги
Vip Innovations Ltd, Rousse, Bulgaria 2025